Central Library and Information Centre
Sibsagar Girls' College, Sivasagar : Assam

ADHUNIK PRITHIVIR MANCHITRA (Record no. 2131)

MARC details
000 -LEADER
fixed length control field 00381cam a2200157ua 4500
008 - FIXED-LENGTH DATA ELEMENTS--GENERAL INFORMATION
fixed length control field 131126n II |||gr||||Z||||||eng
040 ## - CATALOGING SOURCE
Original cataloging agency MAIN
041 ## - LANGUAGE CODE
-- English
082 ## - DEWEY DECIMAL CLASSIFICATION NUMBER
Classification number 912 BOS
100 ## - MAIN ENTRY--PERSONAL NAME
Personal name BOSE, SUBODH CH.
245 ## - TITLE STATEMENT
Title ADHUNIK PRITHIVIR MANCHITRA
260 ## - PUBLICATION, DISTRIBUTION, ETC.
Place of publication, distribution, etc. KOLKATA:
Name of publisher, distributor, etc. CHANDI SARAN DAS & CO.
942 ## - ADDED ENTRY ELEMENTS (KOHA)
Koha item type Books
653 ## - INDEX TERM--UNCONTROLLED
Uncontrolled term Atlases, maps, charts & plans
Holdings
Withdrawn status Lost status Damaged status Not for loan Collection code Home library Current library Shelving location Date acquired Full call number Barcode Date last seen Copy number Price effective from Koha item type
        REFGEO Central Library and Information Centre Sibsagar Girls College Central Library and Information Centre Sibsagar Girls College Geography Rack 21.04.1972 912 BOS 03042 27.02.2020 4 27.02.2020 Books
        REFGEO Central Library and Information Centre Sibsagar Girls College Central Library and Information Centre Sibsagar Girls College Geography Rack 21.04.1972 912 BOS 03043 27.02.2020 3 27.02.2020 Books
        REFGEO Central Library and Information Centre Sibsagar Girls College Central Library and Information Centre Sibsagar Girls College Geography Rack 21.04.1972 912 BOS 03044 27.02.2020 2 27.02.2020 Books
        REFGEO Central Library and Information Centre Sibsagar Girls College Central Library and Information Centre Sibsagar Girls College Geography Rack 21.04.1972 912 BOS 03045 27.02.2020 1 27.02.2020 Books


Sibsagar Girl's College © 2020. All rights reserved.
Powered by Koha.
Maintained by Abhijit Borpuzari.